| 000 | 00502nam a22001817a 4500 | ||
|---|---|---|---|
| 005 | 20241125103714.0 | ||
| 008 | 241125b |||||||| |||| 00| 0 eng d | ||
| 020 | _a9780409049169 | ||
| 041 | _aEnglish | ||
| 082 | _a345.5 MAH | ||
| 100 | _lEnglish | ||
| 245 |
_aConfident Criminal Litigation / _cA Maharaj |
||
| 250 | _aFirst Edition | ||
| 260 |
_aDurban: _bLexisNexis, _c2010 |
||
| 300 |
_bix, 464 pages; _c25 cm. |
||
| 650 |
_aLegal practice _bLaw |
||
| 942 |
_cBK _6ALISON_BN_VRIES |
||
| 999 |
_c3256 _d3256 |
||